Konsep dan peranan Ulil Amri di Malaysia

Bibliographic Details
Other Authors: Abdul Monir Yaacob, Suzalie Mohamad
Format: Book
Published: Kuala Lumpur : Institut Kefahaman Islam Malaysia , 2004
Subjects:

MARC

LEADER 00000cam a2200000 7i4500
001 0000014098
005 20080307.0
008 080220
020 |a 983263623X 
090 0 0 |a 297.27209595   |b KON 
245 1 0 |a Konsep dan peranan Ulil Amri di Malaysia   |c Penyunting Abdul Monir Yaacob dan Suzalie Mohamad 
260 |a Kuala Lumpur :   |b Institut Kefahaman Islam Malaysia ,   |c 2004 
650 0 |a Islam and politics   |z Malaysia 
650 0 |a Leadership   |x religious aspects   |x Islam 
700 0 |a Abdul Monir Yaacob 
700 0 |a Suzalie Mohamad 
999 |a 0001010478   |b Book   |c Adult Collection   |e Perbadanan Perpustakaan Awam Johor 
999 |a 0001010479   |b Book   |c Adult Collection   |e Perbadanan Perpustakaan Awam Johor